MARC

LEADER 00000nam0a2200000 4500
001 169660
005 20231031163507.0
035 |a (RuTPU)RU\TPU\book\184023 
090 |a 169660 
100 |a 20091116d1970 m y0rusy50 ca 
101 0 |a rus  |a ger 
102 |a RU 
105 |a y z 001zy 
200 1 |a Фразеология современного немецкого языка  |f И. И. Чернышева 
210 |a Москва  |c Высшая школа  |d 1970 
215 |a 200 с. 
225 1 |a Библиотека филолога 
320 |a Библиогр. в примеч. 
610 1 |a фразеология 
610 1 |a немецкий язык 
610 1 |a словосочетания 
610 1 |a синонимия 
610 1 |a полисемия 
610 1 |a деривация 
675 |a 43-2  |v 3 
700 1 |a Чернышева  |b И. И.  |g Ирина Ивановна 
801 1 |a RU  |b 63413507  |c 20091116 
801 2 |a RU  |b 63413507  |c 20191106  |g RCR 
942 |c BK